Statystyki dla Jak dobrze znasz wiersz "Nic dwa razy" Wisławy Szymborskiej?

Kliknij tutaj aby rozwiązać quiz!

Ogólne statystyki

  • Ten quiz został rozwiązany 43 razy
  • Średni wynik to 23 z 28

Statystyki odpowiedzi

TekstBrakujące słowo% Poprawnych
Nic dwa razy się nie ...zdarza
100%
i nie zda­rzy. Z tej ...przyczyny
98%
Żaden ... się nie po­wtó­rzy,dzień
90%
jak dwie ... czy­stej wody.krople
88%
tak mi było, jak­by ...róża
85%
Wczo­raj, kie­dy ... imiętwoje
85%
żad­nej ... ani lata.zimy
85%
dwóch ... spoj­rzeń w oczy.jednakich
83%
Dziś, kie­dy ... ra­zem,jesteśmy
83%
Je­steś – a więc mu­sisz ....minąć
83%
... – a więc to jest pięk­ne.Miniesz
83%
przez ... wpa­dła okno.otwarte
83%
dwóch tych sa­mych ...,pocałunków
83%
nie ma dwóch ... nocy,podobnych
83%
choć ... się od sie­bieróżnimy
83%
naj­tęp­szy­mi w ... świa­ta,szkole
83%
Choć­by­śmy ... byliuczniami
83%
ktoś ... przy mnie gło­śno,wymówił
83%
Cze­mu ty się, zła ...,godzino
80%
z nie­po­trzeb­nym ... lę­kiem?mieszasz
80%
i ... bez ru­ty­ny.pomrzemy
80%
Róża? Jak ... róża?wygląda
80%
Czy to kwiat? A może ...?kamień
78%
od­wró­ci­łam twarz ku ....ścianie
75%
nie bę­dzie­my ...repetować
73%
spró­bu­je­my szu­kać ...,zgody
73%
zro­dzi­li­śmy się bez ...wprawy
63%
... , współ­o­bję­ciUśmiechnięci
53%

Rozkład punktacji

Percentyl według liczby udzielonych odpowiedzi

Procent ludzi z każdym wynikiem

Twoja historia wyników

Nie rozwiązałeś tego quizu